Minecraft Mobs: Sheep - Statistics

General Stats
  • This quiz has been taken 21 times
  • The average score is 8 of 9
Answer Stats
Question Answer % Correct
What's the maximum number of wool a sheep can drop when sheared? 3
100%
How many health points does a sheep have? 8
100%
What is the rarest natural sheep color? Pink
100%
What item can be used to breed sheep? Wheat
100%
What can you name a sheep to make it cycle through the rainbow? jeb_
94%
Other than wool, what item does a sheep drop on death? Raw Mutton
94%
What is an adult sheep's width in blocks? 0.9
89%
What is an adult sheep's height in blocks? 1.3
89%
What mob can change a sheep's color? Evoker
78%
No matching quizzes found
Score Distribution
Percent of People with Each Score
Percentile by Number Answered
Your Score History
You have not taken this quiz